{"text_format":"3","workbook":"xlsx","n_sheets":1,"sheets":["t483"],"read":"whole","date_system":"1900"}

{"sheet":"t483","index":0,"n_rows":165,"n_cols":7,"rows_kept":165,"merged":[[0,0,0,6],[30,0,30,5],[44,0,44,5],[150,0,150,5]]}
["TABELA 483.1 - Estatísticas Agrícolas, Município de Rincão, Estado de São Paulo, 2007/08."]
["ITEM","UNIDADE","N.DE UPAs","MÍNIMO","MÉDIO","MÁXIMO","TOTAL"]
["Distância à sede do município","km",196,0.1,{"v":8.87,"d":"8.9"},{"v":28,"d":"28.0"},"-"]
["Área total","hectare",196,1.2,{"v":156.51,"d":"156.5"},{"v":2955,"d":"2,955.0"},{"v":30675.4,"d":"30,675.4"}]
["Área com cultura perene","hectare",16,1.3,{"v":213.43,"d":"213.4"},{"v":1213.8,"d":"1,213.8"},{"v":3414.9,"d":"3,414.9"}]
["Área com cultura temporária","hectare",126,0.2,{"v":155.52,"d":"155.5"},{"v":2700,"d":"2,700.0"},{"v":19595.4,"d":"19,595.4"}]
["Área com pastagem","hectare",88,0.4,{"v":30.91,"d":"30.9"},333.9,{"v":2720.5,"d":"2,720.5"}]
["Área com reflorestamento","hectare",2,2.5,{"v":3.25,"d":"3.3"},{"v":4,"d":"4.0"},6.5]
["Área com vegetação natural","hectare",75,0.3,{"v":38.58,"d":"38.6"},652.1,{"v":2893.6,"d":"2,893.6"}]
["Área com vegetação de brejo e várzea","hectare",2,0.9,{"v":24.65,"d":"24.7"},48.4,49.3]
["Área em descanso","hectare",33,0.3,{"v":21.98,"d":"22.0"},{"v":150,"d":"150.0"},725.4]
["Área complementar","hectare",159,0.1,{"v":7.99,"d":"8.0"},{"v":388,"d":"388.0"},{"v":1269.8,"d":"1,269.8"}]
["Área das UPAs com (0, 1] ha","hectare","-","-","-","-","-"]
["Área das UPAs com (1, 2] ha","hectare",5,1.2,{"v":1.38,"d":"1.4"},1.8,6.9]
["Área das UPAs com (2, 5] ha","hectare",26,2.3,3.8,4.8,98.9]
["Área das UPAs com (5, 10] ha","hectare",12,{"v":6,"d":"6.0"},{"v":7.83,"d":"7.8"},{"v":10,"d":"10.0"},{"v":94,"d":"94.0"}]
["Área das UPAs com (10, 20] ha","hectare",28,10.1,{"v":14.05,"d":"14.1"},19.3,393.3]
["Área das UPAs com (20, 50] ha","hectare",39,20.1,{"v":33.33,"d":"33.3"},49.4,{"v":1299.8,"d":"1,299.8"}]
["Área das UPAs com (50, 100] ha","hectare",20,50.8,{"v":68.94,"d":"68.9"},96.8,{"v":1378.7,"d":"1,378.7"}]
["Área das UPAs com (100, 200] ha","hectare",24,100.6,{"v":131.98,"d":"132.0"},183.9,{"v":3167.5,"d":"3,167.5"}]
["Área das UPAs com (200, 500] ha","hectare",27,211.7,{"v":336.42,"d":"336.4"},483.9,{"v":9083.3,"d":"9,083.3"}]
["Área das UPAs com (500, 1.000] ha","hectare",10,510.6,{"v":636,"d":"636.0"},772.3,{"v":6360,"d":"6,360.0"}]
["Área das UPAs com (1.000, 2.000] ha","hectare",3,{"v":1006,"d":"1,006.0"},{"v":1157,"d":"1,157.0"},{"v":1243.9,"d":"1,243.9"},{"v":3471,"d":"3,471.0"}]
["Área das UPAs com (2.000, 5.000] ha","hectare",2,{"v":2367,"d":"2,367.0"},{"v":2661,"d":"2,661.0"},{"v":2955,"d":"2,955.0"},{"v":5322,"d":"5,322.0"}]
["Área das UPAs com (5.000, 10.000] ha","hectare","-","-","-","-","-"]
["Área das UPAs acima de 10.000 ha","hectare","-","-","-","-","-"]
["Familiares do proprietário que trabalham na UPA","unidade",41,{"v":1,"d":"1.0"},{"v":1.24,"d":"1.2"},{"v":3,"d":"3.0"},{"v":51,"d":"51.0"}]
["Trabalhadores permanentes","unidade",43,{"v":1,"d":"1.0"},{"v":7.02,"d":"7.0"},{"v":149,"d":"149.0"},{"v":302,"d":"302.0"}]
["Fonte: Secretaria de Agricultura e Abastecimento, CDRS/IEA, Projeto LUPA."]
[]
["TABELA 483.2 - Explorações Animais, Município de Rincão, Estado de São Paulo, 2007/08."]
["ITEM","UNIDADE","N.DE UPAs","MÍNIMO","MÉDIO","MÁXIMO","TOTAL"]
["Asininos E Muares","cabeças",1,{"v":1,"d":"1.0"},{"v":1,"d":"1.0"},{"v":1,"d":"1.0"},{"v":1,"d":"1.0"}]
["Avicultura de Corte","cabeças/ano",3,{"v":14000,"d":"14,000.0"},{"v":30666.67,"d":"30,666.7"},{"v":60000,"d":"60,000.0"},{"v":92000,"d":"92,000.0"}]
["Avicultura para Ovos","cabeças",1,{"v":124107,"d":"124,107.0"},{"v":124107,"d":"124,107.0"},{"v":124107,"d":"124,107.0"},{"v":124107,"d":"124,107.0"}]
["Bovinocultura de Corte","cabeças",10,{"v":4,"d":"4.0"},45.9,{"v":103,"d":"103.0"},{"v":459,"d":"459.0"}]
["Bovinocultura Leiteira","cabeças",4,{"v":2,"d":"2.0"},{"v":22,"d":"22.0"},{"v":80,"d":"80.0"},{"v":88,"d":"88.0"}]
["Bovinocultura Mista","cabeças",21,{"v":4,"d":"4.0"},{"v":71.71,"d":"71.7"},{"v":412,"d":"412.0"},{"v":1506,"d":"1,506.0"}]
["Equinocultura","cabeças",24,{"v":1,"d":"1.0"},{"v":3.13,"d":"3.1"},{"v":16,"d":"16.0"},{"v":75,"d":"75.0"}]
["Ovinocultura","cabeças",1,{"v":8,"d":"8.0"},{"v":8,"d":"8.0"},{"v":8,"d":"8.0"},{"v":8,"d":"8.0"}]
["Piscicultura","m² tanques",2,{"v":5,"d":"5.0"},{"v":9,"d":"9.0"},{"v":13,"d":"13.0"},{"v":18,"d":"18.0"}]
["Suinocultura","cabeças",8,{"v":2,"d":"2.0"},{"v":8.38,"d":"8.4"},{"v":16,"d":"16.0"},{"v":67,"d":"67.0"}]
["Fonte: Secretaria de Agricultura e Abastecimento, CDRS/IEA, Projeto LUPA."]
[]
["TABELA 483.3 -  Máquinas, Implementos e Benfeitorias, Município de Rincão, Estado de São Paulo, 2007/08."]
["ITEM","UNIDADE","N.DE UPAs","MÍNIMO","MÉDIO","MÁXIMO","TOTAL"]
["Arado Comum (Bacia, Aiveca)","Unidade",17,{"v":1,"d":"1.0"},{"v":1.18,"d":"1.2"},{"v":2,"d":"2.0"},{"v":20,"d":"20.0"}]
["Arado Escarificador","Unidade",28,{"v":1,"d":"1.0"},{"v":1.14,"d":"1.1"},{"v":3,"d":"3.0"},{"v":32,"d":"32.0"}]
["Arado Subsolador","Unidade",16,{"v":1,"d":"1.0"},{"v":1,"d":"1.0"},{"v":1,"d":"1.0"},{"v":16,"d":"16.0"}]
["Câmara Fria","Unidade",3,{"v":1,"d":"1.0"},{"v":1.33,"d":"1.3"},{"v":2,"d":"2.0"},{"v":4,"d":"4.0"}]
["Carregadeira de Cana","Unidade",1,{"v":2,"d":"2.0"},{"v":2,"d":"2.0"},{"v":2,"d":"2.0"},{"v":2,"d":"2.0"}]
["Colhedeira Acoplada","Unidade",2,{"v":1,"d":"1.0"},1.5,{"v":2,"d":"2.0"},{"v":3,"d":"3.0"}]
["Colhedeira Automotriz","Unidade",4,{"v":1,"d":"1.0"},{"v":3,"d":"3.0"},{"v":8,"d":"8.0"},{"v":12,"d":"12.0"}]
["Conj.Irrigação Convencional","Unidade",1,{"v":1,"d":"1.0"},{"v":1,"d":"1.0"},{"v":1,"d":"1.0"},{"v":1,"d":"1.0"}]
["Conj.Irrigação Pivot Central","Unidade",1,{"v":1,"d":"1.0"},{"v":1,"d":"1.0"},{"v":1,"d":"1.0"},{"v":1,"d":"1.0"}]
["Conj.Irrigação/Gotejamento/Microaspersão","Unidade",5,{"v":1,"d":"1.0"},{"v":1,"d":"1.0"},{"v":1,"d":"1.0"},{"v":5,"d":"5.0"}]
["Conjunto de Fenação","Unidade",4,{"v":1,"d":"1.0"},{"v":1,"d":"1.0"},{"v":1,"d":"1.0"},{"v":4,"d":"4.0"}]
["Desintegrador, Picador, Triturador","Unidade",15,{"v":1,"d":"1.0"},{"v":1.13,"d":"1.1"},{"v":2,"d":"2.0"},{"v":17,"d":"17.0"}]
["Distribuidor de Calcário","Unidade",8,{"v":1,"d":"1.0"},{"v":1.13,"d":"1.1"},{"v":2,"d":"2.0"},{"v":9,"d":"9.0"}]
["Ensiladeira","Unidade",6,{"v":1,"d":"1.0"},{"v":1,"d":"1.0"},{"v":1,"d":"1.0"},{"v":6,"d":"6.0"}]
["Grade Aradora (Tipo Romi)","Unidade",18,{"v":1,"d":"1.0"},{"v":1.56,"d":"1.6"},{"v":4,"d":"4.0"},{"v":28,"d":"28.0"}]
["Grade Niveladora","Unidade",13,{"v":1,"d":"1.0"},{"v":1.46,"d":"1.5"},{"v":3,"d":"3.0"},{"v":19,"d":"19.0"}]
["Implementos para Tração Animal","Unidade",1,{"v":1,"d":"1.0"},{"v":1,"d":"1.0"},{"v":1,"d":"1.0"},{"v":1,"d":"1.0"}]
["Microtrator","Unidade",5,{"v":1,"d":"1.0"},1.4,{"v":2,"d":"2.0"},{"v":7,"d":"7.0"}]
["Misturador de Ração","Unidade",4,{"v":1,"d":"1.0"},{"v":1,"d":"1.0"},{"v":1,"d":"1.0"},{"v":4,"d":"4.0"}]
["Ordenhadeira Mecânica","Unidade",3,{"v":1,"d":"1.0"},{"v":1,"d":"1.0"},{"v":1,"d":"1.0"},{"v":3,"d":"3.0"}]
["Pulverizador Tratorizado","Unidade",17,{"v":1,"d":"1.0"},{"v":2.24,"d":"2.2"},{"v":9,"d":"9.0"},{"v":38,"d":"38.0"}]
["Resfriador de Leite, Tanque Expansão","Unidade",1,{"v":1,"d":"1.0"},{"v":1,"d":"1.0"},{"v":1,"d":"1.0"},{"v":1,"d":"1.0"}]
["Semeadeira/Adubadeira para Plantio Convencional","Unidade",5,{"v":1,"d":"1.0"},{"v":1,"d":"1.0"},{"v":1,"d":"1.0"},{"v":5,"d":"5.0"}]
["Semeadeira/Plantadeira Plantio Direto","Unidade",11,{"v":1,"d":"1.0"},{"v":1.73,"d":"1.7"},{"v":5,"d":"5.0"},{"v":19,"d":"19.0"}]
["Terraceador","Unidade",7,{"v":1,"d":"1.0"},{"v":1,"d":"1.0"},{"v":1,"d":"1.0"},{"v":7,"d":"7.0"}]
["Trator de Esteiras","Unidade",1,{"v":2,"d":"2.0"},{"v":2,"d":"2.0"},{"v":2,"d":"2.0"},{"v":2,"d":"2.0"}]
["Trator de Pneus","Unidade",52,{"v":1,"d":"1.0"},{"v":2.58,"d":"2.6"},{"v":33,"d":"33.0"},{"v":134,"d":"134.0"}]
["Açude/Represa","Unidade",28,{"v":1,"d":"1.0"},{"v":1.82,"d":"1.8"},{"v":11,"d":"11.0"},{"v":51,"d":"51.0"}]
["Almoxarifado/Oficina","Unidade",18,{"v":1,"d":"1.0"},{"v":1.39,"d":"1.4"},{"v":3,"d":"3.0"},{"v":25,"d":"25.0"}]
["Armazém para Grãos Ensacados","Sacas",6,{"v":1,"d":"1.0"},{"v":117.33,"d":"117.3"},{"v":500,"d":"500.0"},{"v":704,"d":"704.0"}]
["Balança para Bovinos","Unidade",3,{"v":1,"d":"1.0"},{"v":1,"d":"1.0"},{"v":1,"d":"1.0"},{"v":3,"d":"3.0"}]
["Balança para Veículos","Unidade",2,{"v":1,"d":"1.0"},{"v":1,"d":"1.0"},{"v":1,"d":"1.0"},{"v":2,"d":"2.0"}]
["Barracão para Granja/Avicultura","Unidade",9,{"v":1,"d":"1.0"},{"v":3.33,"d":"3.3"},{"v":18,"d":"18.0"},{"v":30,"d":"30.0"}]
["Barracão/Galpão/Garagem","Unidade",75,{"v":1,"d":"1.0"},{"v":1.57,"d":"1.6"},{"v":12,"d":"12.0"},{"v":118,"d":"118.0"}]
["Casa de Moradia Habitada","Unidade",112,{"v":1,"d":"1.0"},{"v":2.86,"d":"2.9"},{"v":27,"d":"27.0"},{"v":320,"d":"320.0"}]
["Casa de Moradia Total","Unidade",118,{"v":1,"d":"1.0"},{"v":3.55,"d":"3.6"},{"v":28,"d":"28.0"},{"v":419,"d":"419.0"}]
["Curral/Mangueira","Unidade",58,{"v":1,"d":"1.0"},{"v":1.14,"d":"1.1"},{"v":3,"d":"3.0"},{"v":66,"d":"66.0"}]
["Depósito/Tulha","Unidade",15,{"v":1,"d":"1.0"},1.2,{"v":2,"d":"2.0"},{"v":18,"d":"18.0"}]
["Engenho","Unidade",1,{"v":1,"d":"1.0"},{"v":1,"d":"1.0"},{"v":1,"d":"1.0"},{"v":1,"d":"1.0"}]
["Estábulo","Unidade",9,{"v":1,"d":"1.0"},{"v":1.11,"d":"1.1"},{"v":2,"d":"2.0"},{"v":10,"d":"10.0"}]
["Estufa/Plasticultura","m²",2,{"v":1,"d":"1.0"},{"v":1,"d":"1.0"},{"v":1,"d":"1.0"},{"v":2,"d":"2.0"}]
["Fábrica de Ração","Unidade",3,{"v":1,"d":"1.0"},{"v":1,"d":"1.0"},{"v":1,"d":"1.0"},{"v":3,"d":"3.0"}]
["Instalações para Equinos","Unidade",5,{"v":1,"d":"1.0"},1.6,{"v":3,"d":"3.0"},{"v":8,"d":"8.0"}]
["Máquina de Benefício","Unidade",2,{"v":1,"d":"1.0"},1.5,{"v":2,"d":"2.0"},{"v":3,"d":"3.0"}]
["Olaria","Unidade",9,{"v":1,"d":"1.0"},{"v":1,"d":"1.0"},{"v":1,"d":"1.0"},{"v":9,"d":"9.0"}]
["Pocilga","Unidade",53,{"v":1,"d":"1.0"},{"v":2.15,"d":"2.2"},{"v":5,"d":"5.0"},{"v":114,"d":"114.0"}]
["Poço Semi-Artesiano","Unidade",19,{"v":1,"d":"1.0"},{"v":1.16,"d":"1.2"},{"v":3,"d":"3.0"},{"v":22,"d":"22.0"}]
["Posto Meteorológico","Unidade",2,{"v":1,"d":"1.0"},{"v":1,"d":"1.0"},{"v":1,"d":"1.0"},{"v":2,"d":"2.0"}]
["Secador de Grãos","Unidade",3,{"v":1,"d":"1.0"},{"v":1,"d":"1.0"},{"v":1,"d":"1.0"},{"v":3,"d":"3.0"}]
["Silo para Grãos","t",2,{"v":300,"d":"300.0"},{"v":75150,"d":"75,150.0"},{"v":150000,"d":"150,000.0"},{"v":150300,"d":"150,300.0"}]
["Silo para Silagem","t",10,{"v":1,"d":"1.0"},{"v":100162.2,"d":"100,162.2"},{"v":1000000,"d":"1,000,000.0"},{"v":1001622,"d":"1,001,622.0"}]
["Terreiro","m²",5,{"v":1,"d":"1.0"},{"v":161,"d":"161.0"},{"v":500,"d":"500.0"},{"v":805,"d":"805.0"}]
["Usina de Açúcar/destilaria","Unidade",1,{"v":1,"d":"1.0"},{"v":1,"d":"1.0"},{"v":1,"d":"1.0"},{"v":1,"d":"1.0"}]
["Fonte: Secretaria de Agricultura e Abastecimento, CDRS/IEA, Projeto LUPA."]
[]
["TABELA 483.4 - Outras Estatísticas Agrícolas, Município de Rincão, Estado de São Paulo, 2007/08."]
["ITEM","Número de UPAs",null,"Percentual"]
["Faz Parte de Associação de Produtores",76,null,{"v":38.775510204081634,"d":"38.8"}]
["Faz Parte de Cooperativa de Produtores",85,null,{"v":43.36734693877551,"d":"43.4"}]
["Faz Parte do Sindicato de Produtores",77,null,{"v":39.285714285714285,"d":"39.3"}]
["Não utiliza assistência técnica ",100,null,{"v":51.02040816326531,"d":"51.0"}]
["Utiliza somente assistência técnica governamental ",44,null,{"v":22.448979591836736,"d":"22.4"}]
["Utiliza somente assistência técnica privada ",22,null,{"v":11.224489795918368,"d":"11.2"}]
["Utiliza assistência técnica tanto governamental quanto privada",30,null,{"v":15.306122448979592,"d":"15.3"}]
["Utiliza Crédito Rural",26,null,{"v":13.26530612244898,"d":"13.3"}]
["Utiliza Seguro Rural","-",null,"-"]
["Utiliza Escrituração Agrícola",108,null,{"v":55.10204081632653,"d":"55.1"}]
["Acessa Internet p/ Fins na Agropecuária",11,null,{"v":5.612244897959184,"d":"5.6"}]
["Utiliza Computador nas Atividades Agropecuárias",46,null,{"v":23.46938775510204,"d":"23.5"}]
["Utiliza Energia Elétrica Para Uso na Atividade Agrícola",119,null,{"v":60.71428571428571,"d":"60.7"}]
["Realiza Análise de Solo, quando necessário",18,null,{"v":9.183673469387756,"d":"9.2"}]
["Utiliza Práticas de Conservação de Solo, quando necessário",110,null,{"v":56.12244897959183,"d":"56.1"}]
["Faz Adubação Mineral, quando necessário",43,null,{"v":21.93877551020408,"d":"21.9"}]
["Faz Adubação Orgânica, quando necessário",27,null,{"v":13.775510204081632,"d":"13.8"}]
["Faz Adubação Verde, quando necessário",11,null,{"v":5.612244897959184,"d":"5.6"}]
["Utiliza Manejo Integrado de Pragas (MIP)","-",null,"-"]
["Utiliza Hidroponia",1,null,{"v":0.5102040816326531,"d":"0.5"}]
["Utiliza Plasticultura",2,null,{"v":1.0204081632653061,"d":"1.0"}]
["Utiliza Mudas Fiscalizadas",26,null,{"v":13.26530612244898,"d":"13.3"}]
["Utiliza Semente Melhorada",54,null,{"v":27.551020408163264,"d":"27.6"}]
["Faz Confinamento de Bovinos","-",null,"-"]
["Utiliza Pastejo Intensivo",13,null,{"v":6.632653061224491,"d":"6.6"}]
["Faz Inseminação Artificial","-",null,"-"]
["Faz Mineralização do Rebanho",23,null,{"v":11.73469387755102,"d":"11.7"}]
["Faz Vermifugação do Rebanho",26,null,{"v":13.26530612244898,"d":"13.3"}]
["Possui Parceiros /Arrendatários na Exploração Animal",32,null,{"v":16.3265306122449,"d":"16.3"}]
["Esporte e lazer",1,null,{"v":0.5102040816326531,"d":"0.5"}]
["Extração mineral","-",null,"-"]
["Hotel Fazenda, Pousada ou SPA","-",null,"-"]
["Pesque-pague","-",null,"-"]
["Restaurante ou Lanchonete",1,null,{"v":0.5102040816326531,"d":"0.5"}]
["Transformação artesanal","-",null,"-"]
["Turismo rural ou ecoturismo","-",null,"-"]
["Outras atividades econômicas rurais",8,null,{"v":4.081632653061225,"d":"4.1"}]
["Agroindústria","-",null,"-"]
["Proprietário sem instrução ou com instrução incompleta",11,null,{"v":5.612244897959184,"d":"5.6"}]
["Proprietário com antigo primário completo",58,null,{"v":29.591836734693878,"d":"29.6"}]
["Proprietário com 1° grau (ou antigo ginasial) completo",19,null,{"v":9.693877551020408,"d":"9.7"}]
["Proprietário com 2° grau (ou antigo colegial) completo",19,null,{"v":9.693877551020408,"d":"9.7"}]
["Proprietário com curso superior completo ",69,null,{"v":35.20408163265306,"d":"35.2"}]
["Pessoa Jurídica",20,null,{"v":10.204081632653061,"d":"10.2"}]
["Proprietário residente na própria UPA ",31,null,{"v":15.816326530612244,"d":"15.8"}]
["Fonte: Secretaria de Agricultura e Abastecimento, CDRS/IEA, Projeto LUPA."]
[]
["TABELA 483.5 - Área Cultivada, Município de Rincão, Estado de São Paulo, 2007/08."]
["CULTURA","N.DE UPAs","MÍNIMO","MÉDIO","MÁXIMO","TOTAL"]
["Cana-de-acucar",123,0.5,{"v":159.09,"d":"159.1"},{"v":2700,"d":"2,700.0"},{"v":19568.4,"d":"19,568.4"}]
["Laranja",15,1.3,{"v":225.24,"d":"225.2"},{"v":1213.8,"d":"1,213.8"},{"v":3378.6,"d":"3,378.6"}]
["Braquiaria",85,0.4,{"v":30.15,"d":"30.2"},333.9,{"v":2562.9,"d":"2,562.9"}]
["Capim-napier (ou capim-elefante)",2,39.4,41.3,43.2,82.6]
["Coloniao",2,3.2,21.6,{"v":40,"d":"40.0"},43.2]
["Cafe",1,36.3,36.3,36.3,36.3]
["Gramas",1,{"v":30,"d":"30.0"},{"v":30,"d":"30.0"},{"v":30,"d":"30.0"},{"v":30,"d":"30.0"}]
["Amendoim",2,{"v":3,"d":"3.0"},{"v":7.55,"d":"7.6"},12.1,15.1]
["Milho",6,0.2,{"v":1.95,"d":"2.0"},5.5,11.7]
["Eucalipto",2,2.5,{"v":3.25,"d":"3.3"},{"v":4,"d":"4.0"},6.5]
["Outras gramineas para pastagem",1,1.8,1.8,1.8,1.8]
["Horta domestica",1,0.7,0.7,0.7,0.7]
["Fonte: Secretaria de Agricultura e Abastecimento, CDRS/IEA, Projeto LUPA."]